• 首页
  • 本馆介绍
  • 公告通知
  • 最新文献
  • 馆藏检索
  • 电子资源
  • 读者导购
  • 参考咨询
  • 我的图书馆
  • 登录
  • 详细信息显示
  • 放入我的书架
  • 预约/预借图书
  • 作者相关作品
  • 分类相关作品
  • 丛书相关作品
  • 出版社相关作品

书目信息

  • 表格格式
  • 工作单格式
  • 卡片格式
题名:
秦砖汉瓦
    
 
作者: 姜越 主编
分册:  
出版信息: 北京   中国书店  2020.9
页数: 202页
开本: 24cm
丛书名: 中华文明一本通系列
单 册:
中图分类: K232.09
科图分类:
主题词: 中国历史--zhong guo li shi--秦汉时代--通俗读物
电子资源:
ISBN: 978-7-5149-2385-8
000 01412oam2 2200277 450
001 2160539747
005 20210928130734.0
010    @a978-7-5149-2385-8@dCNY58.00
100    @a20201224d2020 em y0chiy0120 ea
101 0  @achi
102    @aCN@b110000
105    @aa z 000yy
106    @ar
200 1  @a秦砖汉瓦@Aqin zhuan han wa@e秦汉文明一本通@f姜越主编
210    @a北京@c中国书店@d2020.9
215    @a202页@c图,照片,书影@d24cm
225 2  @a中华文明一本通系列@Azhong hua wen ming yi ben tong xi lie
314    @a姜越,女,笔名西江月、水墨清浅,江苏省沭阳县人。2002年毕业于中国人民解放军理工大学通信工程学院。自幼酷爱文学,大学毕业后长期从事文化事业工作。曾成功策划出版了“青春有约”系列、“青少年心灵绿茶”系列、“青春少年样样红”系列、“青少年读史尝鲜”系列、“心灵医生”系列、“红颜才女”系列图书,著有《找对婆家嫁对郎》《正儿八经地生活》《顺势者昌》等作品。现供职于北京图强文化出版有限公司并任总经理。
330    @a本书解读了秦汉历史文明,内容共分九章,包括:大一统国家——华夏文明的多样化统一、四通八达——畅通无阻的秦汉交通、美轮美奂——灿烂的秦汉手工业、日新月异——人类书写的进步等。
461  0 @12001 @a中华文明一本通系列
517 1  @a秦汉文明一本通@Aqin han wen ming yi ben tong
606 0  @a中国历史@Azhong guo li shi@z秦汉时代@j通俗读物
690    @aK232.09@v5
701  0 @a姜越@Ajiang yue@c(女)@4主编
801  0 @aCN@b百万庄@c20210926
905    @b1301323-26@dK232.09@e114@f4
    
    秦砖汉瓦:秦汉文明一本通/姜越主编.-北京:中国书店,2020.9
    202页:图,照片,书影;24cm.-(中华文明一本通系列)
    
    
    ISBN 978-7-5149-2385-8:CNY58.00
    本书解读了秦汉历史文明,内容共分九章,包括:大一统国家——华夏文明的多样化统一、四通八达——畅通无阻的秦汉交通、美轮美奂——灿烂的秦汉手工业、日新月异——人类书写的进步等。
●
相关链接 在E读中查询图书 在五车中查询图书 在当当中查询图书 在豆瓣中查询图书


正题名:秦砖汉瓦     索取号:K232.09/114         预约/预借

序号 登录号 条形码 馆藏地/架位号 状态 备注
1 1301323   213013237   第二样本阅览室/ [索取号:K232.09/114] 在馆    
2 1301324   213013246   第二借阅区/ [索取号:K232.09/114] 在馆    
3 1301325   213013255   第二借阅区/ [索取号:K232.09/114] 在馆    
4 1301326   213013264   第二借阅区/ [索取号:K232.09/114] 在馆    
欢迎您!
大连网信软件有限公司© 版权所有